000
00316nam a2200121Ia 4500
008
240624s9999 xx 000 0 und d
041
_a
eng
082
_a
658.4022 CON
100
_a
CONSALVO CARMINE
245
_a
TEAM BUILDING BLOCKS PRACTICING GROUP CO
260
_a
Mumbai
_b
Multi Media HRD Pvt. Ltd.
365
_c
RS
999
_c
22884
_d
22884